Sanat - "Popsi popsi porkkanaa" - Statistics

Yleistilastot
  • Tätä visaa on pelattu 30 kertaa
  • Keskiarvotulos 41 / 56
Vastaustilastot
Vastaus % Oikein
hampaita
100%
hampaita
100%
Popsi
100%
popsi
100%
Popsi
100%
popsi
100%
porkkanaa
100%
porkkanaa
100%
porkkanaa
100%
se
100%
se
100%
vahvistaa
100%
vahvistaa
100%
nami
84%
nami
84%
nami
84%
nami
84%
nami
84%
nami
84%
nami
84%
nami
84%
nami
84%
nami
84%
nami
84%
nami
84%
hedelmää
72%
hedelmää
72%
hedelmää
72%
Haukkaa
68%
haukkaa
68%
haukkaa
68%
haukkaa
68%
Maista
68%
maista
68%
maista
68%
maista
68%
omenaa
64%
omenaa
64%
päärynää
64%
päärynää
64%
mansikkaa
60%
mansikkaa
60%
mansikkaa
60%
voi
52%
voi
52%
ei
48%
ei
48%
sitä
48%
sitä
48%
tai
48%
tai
48%
vastustaa
48%
vastustaa
48%
jää
44%
sulle
44%
vitamiinit
44%
Ehtoja vastaavia visoja ei löytynyt
Tulosjakauma
Jokaisen tuloksen saaneiden osuus
Persentiili vastausten määrän mukaan
Tuloshistoriasi
Et ole pelannut tätä visaa